Responses for Show #7092 - Tuesday, June 16, 2015

Brennan Bushee game 2.

Contestants

[<< previous game]

Batya Diamond, a teacher and songwriter from Wilton, Connecticut

Raf Noboa y Rivera, a sportswriter from Astoria, New York

Brennan Bushee, an operations analyst from Malden, Massachusetts (whose 1-day cash winnings total $27,201)

[next game >>]

Jeopardy! Round responses

WHAT WOMEN IN FILM WANT
CONSTELLATIONS
THE COUNTRY'S MAJOR RELIGION
ENDS IN "O"
FOOD STUFF
(Alex: And because of Father's Day, which is coming up...)
A LITTLE DAD'LL DO YA
    $200 2
(Raf: What is alone?)

"I want to be alone"

RafBatya
    $200 16
Hercules

Brennan
    $200 1
Hinduism

Raf
    $200 12
the veto

Brennan
    $200 28
(Brennan: What--oh... what is rice?)

olives

BrennanRaf
    $200 5
Father Time

Batya
    $400 3
(Batya: What is Splendor in the Grass?)

Rebel Without a Cause

BrennanBatya
    $400 21
Ursa Minor

Raf
    $400 4
Islam

Raf
    $400 13
a stiletto

Raf
    $400 25
(Alex: Less than a minute now.)

wontons

Triple Stumper
    $400 19
Arabic

Raf
    $600 6
"I'll have what she's having"

Brennan
    $600 14
Scorpio

Raf
    $600 7
Lutheranism

Brennan
    $600 17
(Batya: What is heave-ho?)

tally-ho

BrennanBatya
    $600 9
quesadilla

Batya
    $600 22
pop

Batya
    $800 10
"As Time Goes By"

Batya
    $800 20
Isis

Batya
    $800 8
Catholicism

Raf
    $800 18
tae kwon do

Raf
    $800 29
fingerling

Batya
    $800 23
W.C. Handy

Triple Stumper
    $1000 11
Pretty Woman

Batya
    $1000 26
Hydra

Triple Stumper
    $1000 15
Buddhism

Raf
    $1000 27
zydeco

Brennan
    $1000 30
bouillabaisse

Batya
    $1000 24
Father Christmas

Brennan

Scores at the first commercial break (after clue 15):

Brennan Raf Batya
$1,800 $3,200 $2,400

Scores at the end of the Jeopardy! Round:

Brennan Raf Batya
$4,400 $5,000 $5,000

Double Jeopardy! Round responses

BRITISH HISTORY
PLANTS
BROADWAY MUSICALS BY SONGS
WORLD LIT
DOUBLE DOUBLE LETTERS
"THE" LAND IS THE LAND
    $400 7
Windsor

Batya
    $400 21
insects

Brennan
    $400 1
How to Succeed in Business Without Really Trying

Brennan
    $400 15
kangaroos

Brennan
    $400 19
occasionally

Brennan
    $400 9
The Hague

Raf
    $800 6
Elgin

Raf
    $800 14
papyrus

Brennan
    $800 2
Guys and Dolls

Batya
    $800 18
Sanskrit

Raf
    $800 24
bassoon

Raf
    $800 13
the Badlands

Raf
    $1200 8
the Gunpowder Treason and Plot

Raf
    $1200 23
(Batya: What is the skunk?)

the corpse flower

RafBatya
    $1200 3
Damn Yankees

Batya
    $1200 20
The Trojan Women

Raf
    $1200 27
commission

Brennan
    $5,000 16
the Gold Coast

Brennan
    $2,000 11
rum

Raf
    $1600 26
(Alex: Less than a minute to go now, Raf.)

cobra lilies

Triple Stumper
    $1600 4
Avenue Q

Brennan
    $1600 22
(Raf: What are Just So Stories?)

The Jungle Book

BrennanRaf
    $1600 28
innkeeper

Batya
    $1600 17
(Raf: What are the Channel Islands?)

the Outer Banks

BrennanRaf
    $2000 10
(Batya: Who is Disraeli?)

(Arthur James) Balfour

RafBatya
    $2000 30
Agave

Triple Stumper
    $2000 5
Gypsy

Brennan
    $2000 25
Quo Vadis

Raf
    $2000 29
buzzkill

Triple Stumper
    $2000 12
the Empty Quarter

Brennan

Scores at the end of the Double Jeopardy! Round:

Brennan Raf Batya
$21,800 $15,000 $5,800

[wagering suggestions for these scores]

Final Jeopardy! Round responses

QUOTABLE PAINTERS
BatyaWho is Dali?
$2,400
RafWho is Picasso? Pollock
$7,500
BrennanWho is Jackson Pollock?
$8,201
Jackson Pollock

Final scores:

Brennan Raf Batya
$30,001 $22,500 $3,400
2-day champion: $57,202 2nd place: $2,000 3rd place: $1,000

Game dynamics:

Coryat scores:

Brennan Raf Batya
$18,000 $14,600 $5,800
20 R
(including 1 DD),
1 W
21 R
(including 2 DDs),
3 W
13 R,
4 W

Combined Coryat: $38,400

[game clues] [game scores] [suggest correction]

Game tape date: Unknown
The J! Archive is created by fans, for fans. Scraping, republication, monetization, and malicious use prohibited; this site may use cookies and collect identifying information. See terms. The Jeopardy! game show and all elements thereof, including but not limited to copyright and trademark thereto, are the property of Jeopardy Productions, Inc. and are protected under law. This website is not affiliated with, sponsored by, or operated by Jeopardy Productions, Inc. Join the discussion at JBoard.tv.